| 000 | 00879nam a2200205 a 4500 | ||
|---|---|---|---|
| 003 | 0 | ||
| 005 | 20250623112455.0 | ||
| 008 | 021119s19uu xx 00 eng d | ||
| 050 |
_aPHS QA 76.76.C68 _b.Ac24 1999 |
||
| 100 | _aAcedera, Alfredo Miguel III V. | ||
| 245 |
_aA Survey on the millenium bug, are high school students aware of it and its effects and how they feel about it? / _cAlfredo Miguel V. Acedera III. |
||
| 260 |
_aLas PiƱas City, Philippines : _bSouthville International School and Colleges, _c1999. |
||
| 300 |
_av, 30 pages : _billustrations ; _c28 cm. |
||
| 504 | _aIncludes bibliographical references. | ||
| 650 | _aYear 2000 date conversion (Computer systems). | ||
| 650 |
_aComputer software _xYear 2000 issues. |
||
| 650 |
_aComputer literacy _zPhilippines _xYouth. |
||
| 650 |
_aInformation technology _xSocial aspects _zPhilippines. |
||
| 942 |
_2lcc _cPASS |
||
| 999 |
_c96271 _d96271 |
||